| 000 -LEADER |
| fixed length control field |
00758nam a2200193Ia 4500 |
| 001 - CONTROL NUMBER |
| control field |
7318 |
| 003 - CONTROL NUMBER IDENTIFIER |
| control field |
GE_BSU |
| 005 - DATE AND TIME OF LATEST TRANSACTION |
| control field |
20220808121905.0 |
| 008 - FIXED-LENGTH DATA ELEMENTS--GENERAL INFORMATION |
| fixed length control field |
181216s2012||||ge |||||||||||||| ||geo|| |
| 020 ## - INTERNATIONAL STANDARD BOOK NUMBER |
| International Standard Book Number |
19876807 |
| 040 ## - CATALOGING SOURCE |
| Transcribing agency |
GE_BSU |
| 041 ## - LANGUAGE CODE |
| Language code of text/sound track or separate title |
geo |
| 245 ## - TITLE STATEMENT |
| Title |
მუზეუმის მაცნე / |
| Statement of responsibility, etc. |
მთ. რედ: გოდერძი ტოტოჩავა; ხარიტონ ახვლედიანის სახელობის აჭარის მუზეუმი. |
| 260 ## - PUBLICATION, DISTRIBUTION, ETC. |
| Date of publication, distribution, etc. |
ბათუმი, |
| Name of publisher, distributor, etc. |
2008- |
| 300 ## - PHYSICAL DESCRIPTION |
| Extent |
v. |
| 653 ## - INDEX TERM--UNCONTROLLED |
| Uncontrolled term |
მუზეუმის მაცნე |
| 700 ## - ADDED ENTRY--PERSONAL NAME |
| Personal name |
ტოტოჩავა, გოდერძი |
| Relator term |
მთავარი რედაქტორი |
| 9 (RLIN) |
5225 |
| 942 ## - ADDED ENTRY ELEMENTS (KOHA) |
| Koha item type |
წიგნი |
| Source of classification or shelving scheme |
|